[Event "Boffres"]
[Site "Boffres"]
[Date "2015.05.12"]
[Round "5"]
[White "Tempestini, Marc"]
[Black "Visseq, Alexandre"]
[Result "0-1"]
[WhiteElo "1790"]
[BlackElo "1767"]
[PlyCount "56"]
[EventDate "2015.05.08"]
[EventType "game"]
[EventRounds "9"]
[EventCountry "FRA"]
[SourceTitle "EXT 2016"]
[Source "ChessBase"]
[SourceDate "2015.10.08"]
[SourceVersion "1"]
[SourceVersionDate "2015.10.08"]
[SourceQuality "1"]

1. e4 Nf6 2. e5 Nd5 3. d4 d6 4. c4 Nb6 5. exd6 exd6 6. Nc3 Be7 7. Bd3 Nc6 8. Be3 Bf6 9. Nge2 Bg4 10. Qd2 0-0 11. Ne4 Re8 12. Nxf6+ Qxf6 13. 0-0 Bf5 14. Bg5 Qg6 15. Bxf5 Qxf5 16. Ng3 Qg6 17. d5 Nxc4 18. Qc1 Nb8 19. Qxc4 Qxg5 20. Ne4 Qd8 21. Rae1 Nd7 22. f4 Nf8 23. f5 f6 24. Re3 Re5 25. Rg3 Qe7 26. Rg4 Re8 27. Ng3 Re1 28. Nh5 Qe3+ 0-1

[Event "Boffres"]
[Site "Boffres"]
[Date "2015.05.09"]
[Round "2"]
[White "Visseq, Alexandre"]
[Black "Violleau, Jean Claude"]
[Result "1-0"]
[WhiteElo "1767"]
[BlackElo "1678"]
[PlyCount "53"]
[EventDate "2015.05.08"]
[EventType "game"]
[EventRounds "9"]
[EventCountry "FRA"]
[SourceTitle "EXT 2016"]
[Source "ChessBase"]
[SourceDate "2015.10.08"]
[SourceVersion "1"]
[SourceVersionDate "2015.10.08"]
[SourceQuality "1"]

1. e4 c5 2. Nc3 Nc6 3. f4 d6 4. Nf3 Bg4 5. Bb5 e6 6. Bxc6+ bxc6 7. 0-0 Nf6 8. d3 Be7 9. Qe1 Bxf3 10. Rxf3 g6 11. Bd2 Ng4 12. Ne2 h5 13. Ba5 Qd7 14. Bc3 Bf6 15. h3 Bd4+ 16. Nxd4 cxd4 17. Bxd4 e5 18. Bc3 Nh6 19. fxe5 0-0 20. Qe3 Kh7 21. exd6 Qxd6 22. Rf6 Qd7 23. Qf4 Rad8 24. Rf1 a5 25. Bd2 Ng8 26. Rxf7+ Rxf7 27. Qxf7+ 1-0